It looks like you're offline.
Open Library logo
additional options menu

MARC record from Internet Archive

LEADER: 01507cam a2200313 a 4500
001 91022317
003 DLC
005 20080307103248.0
008 910614s1991 gw a b 100 0 eng
010 $a 91022317
020 $a3540543058 (Berlin : alk. paper)
020 $a0387543058 (New York : alk. paper)
040 $aDLC$cDLC$dDLC
050 00 $aQ338$b.T78 1991
082 00 $a006.3$220
245 00 $aTruth maintenance systems :$bECAI-90 workshop, Stockholm, Sweden, August 6, 1990 : proceedings /$cJ.P. Martins, M. Reinfrank, eds.
260 $aBerlin ;$aNew York :$bSpringer-Verlag,$cc1991.
300 $avi, 177 p. :$bill. ;$c24 cm.
490 1 $aLecture notes in computer science ;$v515.$aLecture notes in artificial intelligence
500 $a"[Papers from] the Truth Maintenance Workshop ... held on August 6, 1990, during the European Conference on Artificial Intelligence in Stockholm, Sweden"--Pref.
504 $aIncludes bibliographical references.
650 0 $aTruth maintenance systems$xCongresses.
700 1 $aMartins, João P.
700 1 $aReinfrank, M.$q(Michael),$d1958-
711 2 $aEuropean Conference on Artificial Intelligence$d(1990 :$cStockholm, Sweden)
711 2 $aTruth Maintenance Workshop$d(1990 :$cStockholm, Sweden)
830 0 $aLecture notes in computer science ;$v515.
830 0 $aLecture notes in computer science.$pLecture notes in artificial intelligence.
856 42 $3Publisher description$uhttp://www.loc.gov/catdir/enhancements/fy0815/91022317-d.html